[Event "Aragon-chT Preferente B"]
[Site "Aragon"]
[Date "2017.03.04"]
[Round "6.56"]
[White "Garcia Lopez, Alberto Jose"]
[Black "Sanchez Perez, Carlos"]
[Result "1/2-1/2"]
[WhiteElo "1902"]
[BlackElo "1552"]
[PlyCount "77"]
[EventDate "2017.01.28"]
[EventType "team-tourn"]
[EventRounds "9"]
[EventCountry "ESP"]
[SourceTitle "EXT 2018"]
[Source "ChessBase"]
[SourceDate "2017.10.13"]
[SourceVersion "1"]
[SourceVersionDate "2017.10.13"]
[SourceQuality "1"]
[WhiteTeam "Caissa Hermanos Cortes"]
[BlackTeam "Delicias II"]
[WhiteTeamCountry "ESP"]
[BlackTeamCountry "ESP"]

1. Nf3 Nf6 2. d4 d6 3. c4 e6 4. Nc3 Be7 5. e4 d5 6. cxd5 exd5 7. e5 Ne4 8. Bd3 Nxc3 9. bxc3 Bg4 10. h3 Bh5 11. g4 Bg6 12. Bxg6 fxg6 13. 0-0 0-0 14. Nh2 Nd7 15. f4 c5 16. f5 Qa5 17. Bd2 Qa3 18. Rf3 Qa6 19. Qf1 Qc6 20. g5 Rxf5 21. Rxf5 gxf5 22. Qxf5 Rf8 23. Qd3 c4 24. Qe2 Qe6 25. Ng4 Rf5 26. h4 Nf8 27. Ne3 Rf4 28. Nxd5 Qg4+ 29. Qxg4 Rxg4+ 30. Kf2 Kf7 31. Rb1 b6 32. Nxe7 Kxe7 33. Rb4 Rxh4 34. Rxc4 Ne6 35. Ra4 a5 36. Rc4 Kd7 37. Kg3 Re4 38. Kf3 Rh4 39. Kg3 1/2-1/2

[Event "Aragon-chT Preferente B"]
[Site "Aragon"]
[Date "2017.02.04"]
[Round "2.64"]
[White "Obon Zuniga, Francisco"]
[Black "Garcia Lopez, Alberto Jose"]
[Result "1-0"]
[WhiteElo "1782"]
[BlackElo "1902"]
[PlyCount "43"]
[EventDate "2017.01.28"]
[EventType "team-tourn"]
[EventRounds "9"]
[EventCountry "ESP"]
[SourceTitle "EXT 2018"]
[Source "ChessBase"]
[SourceDate "2017.10.13"]
[SourceVersion "1"]
[SourceVersionDate "2017.10.13"]
[SourceQuality "1"]
[WhiteTeam "Marcos Frechin II"]
[BlackTeam "Caissa Hermanos Cortes"]
[WhiteTeamCountry "ESP"]
[BlackTeamCountry "ESP"]

1. d4 Nf6 2. c4 g6 3. Nc3 Bg7 4. e4 d6 5. f3 c6 6. Be3 0-0 7. Qd2 e5 8. d5 cxd5 9. cxd5 b6 10. 0-0-0 Ba6 11. Kb1 Bxf1 12. Rxf1 Na6 13. Nge2 Qe7 14. Bh6 Rab8 15. h4 b5 16. h5 b4 17. Nd1 Rfc8 18. Bxg7 Kxg7 19. hxg6 fxg6 20. Ne3 Nc5 21. Ng3 a5 22. Ngf5+ 1-0

[Event "Aragon-chT Honor GrB "]
[Site "Aragon"]
[Date "2012.02.04"]
[Round "1.32"]
[White "Munoz Bornao, Miguel Angel"]
[Black "Garcia Lopez, Alberto Jose"]
[Result "1/2-1/2"]
[WhiteElo "1788"]
[BlackElo "1943"]
[PlyCount "69"]
[EventDate "2012.02.04"]
[EventType "team-tourn"]
[EventRounds "7"]
[EventCountry "ESP"]
[SourceTitle "EXT 2014"]
[Source "ChessBase"]
[SourceDate "2013.11.20"]
[SourceVersion "1"]
[SourceVersionDate "2013.11.20"]
[SourceQuality "1"]
[WhiteTeam "Shatranj"]
[BlackTeam "Caissa"]
[WhiteTeamCountry "ESP"]
[BlackTeamCountry "ESP"]

1. e4 d6 2. d4 Nf6 3. Nc3 g6 4. f4 Bg7 5. Nf3 c6 6. Bc4 0-0 7. 0-0 Nxe4 8. Nxe4 d5 9. Bd3 dxe4 10. Bxe4 Bg4 11. c3 Nd7 12. h3 Bxf3 13. Qxf3 e6 14. Be3 Nf6 15. Bc2 Nd5 16. Bf2 a5 17. a4 Qb6 18. Rab1 Rac8 19. Rfe1 Qc7 20. Bg3 Qb6 21. Bf2 Rfd8 22. g4 Bf8 23. f5 exf5 24. gxf5 c5 25. fxg6 hxg6 26. Be4 Nf6 27. Bxb7 Rc7 28. Be4 cxd4 29. Bxd4 Bc5 30. Bxc5 Rxc5 31. Qf2 Nxe4 32. Rxe4 Rg5+ 33. Rg4 Rxg4+ 34. hxg4 Qe6 35. Qf4 1/2-1/2

[Event "Zaragoza Casablanca op 5th"]
[Site "Zaragoza"]
[Date "2011.12.24"]
[Round "2"]
[White "Forcen Esteban, Daniel"]
[Black "Garcia Lopez, Alberto Jose"]
[Result "1-0"]
[WhiteElo "2410"]
[BlackElo "1943"]
[PlyCount "67"]
[EventDate "2011.12.23"]
[EventType "swiss"]
[EventRounds "9"]
[EventCountry "ESP"]
[SourceTitle "CBM 146 Extra"]
[Source "ChessBase"]
[SourceDate "2012.02.29"]
[SourceVersion "1"]
[SourceVersionDate "2012.02.29"]
[SourceQuality "1"]

1. e4 d6 2. d4 Nf6 3. Nc3 g6 4. h4 Bg7 5. Be2 0-0 6. h5 e5 7. hxg6 fxg6 8. dxe5 dxe5 9. Bc4+ Kh8 10. Qxd8 Rxd8 11. Nf3 Nc6 12. Ng5 Rd4 13. Bb3 Na5 14. Bf7 Nh5 15. Be3 Bh6 16. Bd5 Bxg5 17. Bxg5 c6 18. Rxh5 cxd5 19. Bf6+ Kg8 20. Rxe5 Nc6 21. Rxd5 Rc4 22. b3 Rb4 23. 0-0-0 Be6 24. Rd6 Kf7 25. Bg5 Rc8 26. a3 Rb6 27. Be3 Ra6 28. Kb2 Ra5 29. f4 b5 30. b4 Ra6 31. f5 gxf5 32. exf5 Bxf5 33. Rf1 Ke7 34. Bc5 1-0

[Event "Aragon-chT Preferente-B"]
[Site "Spain"]
[Date "2011.02.19"]
[Round "3.1"]
[White "Gimeno Oteo, Marco Antonio"]
[Black "Garcia Lopez, Alberto Jose"]
[Result "1-0"]
[WhiteElo "2152"]
[BlackElo "1977"]
[PlyCount "41"]
[EventDate "2011.02.05"]
[EventType "team-tourn"]
[EventRounds "9"]
[EventCountry "ESP"]
[SourceTitle "EXT 2013"]
[Source "ChessBase"]
[SourceDate "2012.11.22"]
[SourceVersion "1"]
[SourceVersionDate "2012.11.22"]
[SourceQuality "1"]
[WhiteTeam "San Jose"]
[BlackTeam "Caissa II"]
[WhiteTeamCountry "ESP"]
[BlackTeamCountry "ESP"]

1. e4 g6 2. d4 d6 3. Nc3 Nf6 4. f4 Bg7 5. Nf3 c5 6. Bb5+ Bd7 7. e5 Ng4 8. e6 fxe6 9. Ng5 Bxb5 10. Nxb5 Qa5+ 11. c3 Qxb5 12. Qxg4 cxd4 13. Nxe6 Qd7 14. Nxg7+ Kf7 15. f5 Kxg7 16. Qxd4+ Kg8 17. Bh6 e5 18. fxe6 Qxe6+ 19. Kd2 Qd7 20. Rhf1 Nc6 21. Qd5+ 1-0

[Event "Aragon-chT Preferente-B"]
[Site "Spain"]
[Date "2011.02.12"]
[Round "2.1"]
[White "Garcia Lopez, Alberto Jose"]
[Black "Fandino Reyes, Roquelina"]
[Result "1-0"]
[WhiteElo "1977"]
[BlackElo "2148"]
[PlyCount "65"]
[EventDate "2011.02.05"]
[EventType "team-tourn"]
[EventRounds "9"]
[EventCountry "ESP"]
[SourceTitle "EXT 2013"]
[Source "ChessBase"]
[SourceDate "2012.11.22"]
[SourceVersion "1"]
[SourceVersionDate "2012.11.22"]
[SourceQuality "1"]
[WhiteTeam "Caissa II"]
[BlackTeam "Jaime Casas II"]
[WhiteTeamCountry "ESP"]
[BlackTeamCountry "ESP"]

1. Nf3 Nf6 2. g3 g6 3. b3 Bg7 4. Bb2 0-0 5. Bg2 d6 6. c4 c6 7. d4 Nbd7 8. 0-0 Qc7 9. Nc3 e5 10. e4 Re8 11. d5 Nc5 12. Qe2 a5 13. Ne1 Bd7 14. Nd3 b6 15. Nxc5 bxc5 16. f4 exf4 17. Rxf4 Nh5 18. Rh4 Bd4+ 19. Kh1 Re5 20. Rf1 Rae8 21. g4 Ng7 22. Qf3 R8e7 23. Bc1 h5 24. h3 g5 25. Rxh5 Nxh5 26. gxh5 Qc8 27. Ne2 cxd5 28. Nxd4 cxd4 29. Qf6 Bxh3 30. h6 Bxg2+ 31. Kg1 Qf8 32. Kxg2 R7e6 33. h7+ 1-0

[Event "Aragon-chT Preferente"]
[Site "Spain"]
[Date "2010.01.30"]
[Round "2.62"]
[White "Garcia Lopez, Alberto Jose"]
[Black "Vera Aranjuelo, Jesus Maria"]
[Result "0-1"]
[WhiteElo "1971"]
[BlackElo "2111"]
[PlyCount "48"]
[EventDate "2010.01.23"]
[EventType "team-swiss"]
[EventRounds "12"]
[EventCountry "ESP"]
[SourceTitle "EXT 2013"]
[Source "ChessBase"]
[SourceDate "2012.11.22"]
[SourceVersion "1"]
[SourceVersionDate "2012.11.22"]
[SourceQuality "1"]
[WhiteTeam "Caissa Hermanos Cortes II"]
[BlackTeam "Caissa Hermanos Cortes"]
[WhiteTeamCountry "ESP"]
[BlackTeamCountry "ESP"]

1. Nf3 d5 2. g3 Nf6 3. Bg2 Bf5 4. 0-0 e6 5. d3 h6 6. b3 Be7 7. Bb2 0-0 8. Nbd2 Bh7 9. Re1 c6 10. e4 a5 11. Qe2 a4 12. c4 Na6 13. cxd5 cxd5 14. exd5 Nxd5 15. Nd4 Nab4 16. Nxe6 fxe6 17. Qxe6+ Kh8 18. Bxd5 Nxd5 19. Qxh6 Bf6 20. Bxf6 Nxf6 21. Qh4 Qxd3 22. Rad1 Qc2 23. Nf3 axb3 24. axb3 Ne4 0-1

[Event "Aragon-chT"]
[Site "Aragon"]
[Date "2009.03.21"]
[Round "8"]
[White "Juberias Segura, Santiago"]
[Black "Garcia Lopez, Alberto Jose"]
[Result "0-1"]
[WhiteElo "2125"]
[BlackElo "1971"]
[PlyCount "104"]
[EventDate "2009.01.24"]
[EventType "team-swiss"]
[EventRounds "9"]
[EventCountry "ESP"]
[SourceTitle "EXT 2011"]
[Source "ChessBase"]
[SourceDate "2010.11.26"]
[SourceVersion "1"]
[SourceVersionDate "2010.11.26"]
[SourceQuality "1"]

1. e4 d6 2. d4 Nf6 3. Bd3 g6 4. Ne2 Bg7 5. 0-0 0-0 6. c4 c5 7. d5 Na6 8. Nbc3 Bd7 9. Rb1 Nb4 10. a3 Nxd3 11. Qxd3 Ng4 12. f4 f5 13. h3 fxe4 14. Nxe4 Nf6 15. N2g3 Nxe4 16. Nxe4 b5 17. b3 Rb8 18. Bd2 bxc4 19. bxc4 Qc7 20. Ng3 Rxb1 21. Rxb1 e5 22. dxe6 Bxe6 23. Qe4 Bc8 24. Be3 Qf7 25. Qd3 Re8 26. Kh2 Bh6 27. Rf1 Ba6 28. Rc1 Rxe3 29. Qxe3 Bxf4 30. Qe1 Bxc1 31. Qxc1 Bxc4 32. Qb2 Bd5 33. Qb8+ Qf8 34. Qb2 Qe7 35. Kg1 Qe1+ 36. Kh2 Qe7 37. Kg1 Kf7 38. Qh8 Ke6 39. Qc8+ Ke5 40. Qg4 Kf6 41. Qh4+ Ke6 42. Qg4+ Kf7 43. Ne2 Qe3+ 44. Kh2 Qe5+ 45. Ng3 Qe7 46. Qf4+ Kg7 47. Qg4 Qe6 48. Qg5 Qe5 49. Qd8 c4 50. h4 c3 51. h5 gxh5 52. Qd7+ Kg6 0-1

[Event "Aragon-chT"]
[Site "Aragon"]
[Date "2008.04.05"]
[Round "8"]
[White "Garcia Lopez, Alberto Jose"]
[Black "Plo Palacian, Sandra"]
[Result "0-1"]
[WhiteElo "1981"]
[BlackElo "1921"]
[PlyCount "66"]
[EventDate "2008.02.02"]
[EventType "team-swiss"]
[EventRounds "12"]
[EventCountry "ESP"]
[SourceTitle "EXT 2011"]
[Source "ChessBase"]
[SourceDate "2010.11.26"]
[SourceVersion "1"]
[SourceVersionDate "2010.11.26"]
[SourceQuality "1"]

1. Nf3 d5 2. b3 Nf6 3. Bb2 c5 4. g3 Nc6 5. Bg2 Bf5 6. d3 h6 7. 0-0 e6 8. Nbd2 Be7 9. Re1 0-0 10. e4 Bh7 11. Qe2 Re8 12. Kh1 d4 13. Nc4 Qc7 14. a4 b6 15. Nfd2 Rad8 16. f4 a6 17. e5 Nd5 18. Ne4 Rf8 19. Ned6 Ncb4 20. Qd2 Bxd6 21. exd6 Qb8 22. Bxd5 Nxd5 23. c3 dxc3 24. Bxc3 Nxc3 25. Qxc3 b5 26. axb5 axb5 27. Na5 Qxd6 28. Re5 Rc8 29. Rd1 Rfd8 30. Kg1 Qb6 31. Kf1 Ra8 32. Ra1 Bxd3+ 33. Ke1 c4 0-1

[Event "Aragon-chT"]
[Site "Aragon"]
[Date "2008.03.08"]
[Round "6"]
[White "Garcia Lopez, Alberto Jose"]
[Black "Navarro Castan, Jesus"]
[Result "1-0"]
[WhiteElo "1981"]
[BlackElo "1888"]
[PlyCount "83"]
[EventDate "2008.02.02"]
[EventType "team-swiss"]
[EventRounds "12"]
[EventCountry "ESP"]
[SourceTitle "EXT 2011"]
[Source "ChessBase"]
[SourceDate "2010.11.26"]
[SourceVersion "1"]
[SourceVersionDate "2010.11.26"]
[SourceQuality "1"]

1. Nf3 c5 2. g3 Nf6 3. Bg2 g6 4. b3 Bg7 5. Bb2 Nc6 6. c4 d6 7. 0-0 0-0 8. d4 cxd4 9. Nxd4 Bd7 10. e3 Rb8 11. Nc3 a6 12. Qe2 Qc8 13. Rfd1 Bg4 14. f3 Bd7 15. Rac1 Qd8 16. f4 Bg4 17. Bf3 Bxf3 18. Nxf3 Qa5 19. Nd4 Rfe8 20. Nxc6 bxc6 21. e4 Qb6+ 22. Kg2 h5 23. h3 Rbd8 24. e5 dxe5 25. fxe5 Nh7 26. e6 f5 27. Na4 Qc7 28. Bxg7 Kxg7 29. Nc5 Nf6 30. Nxa6 Qa7 31. Nb4 Qc5 32. Nd3 Qb6 33. Ne5 Ne4 34. Nd7 Qc7 35. Qf3 Ra8 36. a4 Ra6 37. g4 hxg4 38. hxg4 Ng5 39. Qc3+ Kg8 40. Rh1 Nxe6 41. Rh8+ Kf7 42. Rh7+ 1-0

[Event "Aragon-chT Autonomico"]
[Site "Aragon"]
[Date "2007.03.10"]
[Round "7"]
[White "Garcia Lopez, Alberto Jose"]
[Black "Lopez Capape, Armando"]
[Result "1-0"]
[WhiteElo "1965"]
[BlackElo "1900"]
[PlyCount "53"]
[EventDate "2007.01.27"]
[EventType "team"]
[EventRounds "9"]
[EventCountry "ESP"]
[SourceTitle "EXT 2008"]
[Source "ChessBase"]
[SourceDate "2007.11.25"]
[SourceVersion "1"]
[SourceVersionDate "2007.11.25"]
[SourceQuality "1"]
[WhiteTeam "Caissa II"]
[BlackTeam "Ramiro"]
[WhiteTeamCountry "ESP"]
[BlackTeamCountry "ESP"]

1. Nf3 Nf6 2. g3 b6 3. Bg2 Bb7 4. 0-0 e6 5. c4 Be7 6. Nc3 0-0 7. b3 Ne4 8. Bb2 d6 9. Qc2 Nxc3 10. Bxc3 g6 11. e4 e5 12. d4 f6 13. Rad1 Qe8 14. Ne1 c5 15. d5 Nd7 16. f4 g5 17. Qe2 gxf4 18. gxf4 exf4 19. Qg4+ Kh8 20. Qxf4 Ne5 21. Nf3 Bc8 22. Nxe5 fxe5 23. Bxe5+ dxe5 24. Qxe5+ Kg8 25. d6 Bh4 26. Rxf8+ Qxf8 27. Rf1 1-0

[Event "ESP Autonomico-chT Promocion"]
[Site "Spain"]
[Date "2006.04.29"]
[Round "12.24"]
[White "Garcia Lopez, Alberto Jose"]
[Black "Salvador, Tomas"]
[Result "1-0"]
[WhiteElo "1946"]
[BlackElo "1974"]
[PlyCount "80"]
[EventDate "2006.04.29"]
[EventType "team"]
[EventRounds "1"]
[EventCountry "ESP"]
[SourceTitle "EXT 2007"]
[Source "ChessBase"]
[SourceDate "2006.11.23"]
[SourceVersion "1"]
[SourceVersionDate "2006.11.23"]
[SourceQuality "1"]

1. Nf3 d5 2. g3 c5 3. Bg2 Nc6 4. d3 e5 5. 0-0 Nf6 6. c4 d4 7. Na3 Be7 8. Bd2 0-0 9. Rb1 Nd7 10. Nc2 a5 11. b3 f5 12. a3 e4 13. Nfe1 Nf6 14. Bg5 Ng4 15. Bxe7 Qxe7 16. h3 Nf6 17. Qd2 b6 18. b4 axb4 19. axb4 Ra2 20. bxc5 bxc5 21. Ra1 Qa7 22. Rxa2 Qxa2 23. Qf4 Nb4 24. Qc1 Bb7 25. Nxb4 cxb4 26. Qc2 Ra8 27. c5 b3 28. Qxa2 Rxa2 29. dxe4 Bxe4 30. c6 Bxg2 31. Kxg2 Rxe2 32. Nf3 b2 33. Nxd4 Re5 34. Rb1 g6 35. Rxb2 Ne8 36. Rb7 Rc5 37. Re7 Nd6 38. c7 Rc4 39. Nb5 Kf8 40. Nxd6 Kxe7 1-0

[Event "Martorell op-B"]
[Site "Martorell"]
[Date "1997.??.??"]
[Round "7"]
[White "Garcia Lopez, Alberto Jose"]
[Black "Bellingham, Steve"]
[Result "1/2-1/2"]
[WhiteElo "1795"]
[BlackElo "1835"]
[PlyCount "55"]
[EventDate "1997.09.??"]
[EventType "swiss"]
[EventRounds "8"]
[EventCountry "ESP"]
[SourceTitle "EXT 2003"]
[Source "ChessBase"]
[SourceDate "2002.11.25"]
[SourceVersion "1"]
[SourceVersionDate "2002.11.25"]
[SourceQuality "1"]

1. e4 c5 2. Nf3 d6 3. Bc4 e6 4. Nc3 Be7 5. d3 Nf6 6. e5 dxe5 7. Nxe5 0-0 8. 0-0 Nbd7 9. Nf3 Nb6 10. Bb3 Nbd5 11. Nxd5 Nxd5 12. Bxd5 Qxd5 13. Re1 Bf6 14. c3 b6 15. Bg5 Qd8 16. Re5 h6 17. Bxf6 Qxf6 18. Qe2 Bb7 19. Re3 Rad8 20. c4 Rd6 21. Rd1 Rfd8 22. Qc2 Qg6 23. Kf1 Bxf3 24. Rxf3 Rd4 25. Rg3 Qf5 26. Rf3 Qg6 27. Rg3 Qf5 28. Rf3 1/2-1/2

[Event "Barcelona La Lira op"]
[Site "Barcelona"]
[Date "1995.??.??"]
[Round "4"]
[White "Castells Briones, Miquel"]
[Black "Garcia Lopez, Alberto Jose"]
[Result "1-0"]
[WhiteElo "2095"]
[BlackElo "2000"]
[PlyCount "49"]
[EventDate "1995.04.??"]
[EventType "swiss"]
[EventRounds "9"]
[EventCountry "ESP"]
[SourceTitle "EXT 2003"]
[Source "ChessBase"]
[SourceDate "2002.11.25"]
[SourceVersion "1"]
[SourceVersionDate "2002.11.25"]
[SourceQuality "1"]

1. e4 e6 2. d4 d5 3. Nd2 Nf6 4. e5 Nfd7 5. Bd3 c5 6. c3 Nc6 7. Ne2 cxd4 8. cxd4 f6 9. exf6 Qxf6 10. Nf3 Bb4+ 11. Bd2 Bxd2+ 12. Qxd2 0-0 13. 0-0 e5 14. dxe5 Ndxe5 15. Ned4 Bg4 16. Nxe5 Nxe5 17. Bc2 a6 18. Rae1 Nc4 19. Qd3 Nxb2 20. Qxh7+ Kf7 21. Nf5 Rae8 22. Nh4 Rxe1 23. Rxe1 Be6 24. Qh5+ Ke7 25. Ng6+ 1-0

[Event "Barcelona La Lira op"]
[Site "Barcelona"]
[Date "1995.??.??"]
[Round "5"]
[White "Garcia Lopez, Alberto Jose"]
[Black "Fernandez, J."]
[Result "1-0"]
[WhiteElo "2000"]
[BlackElo "2020"]
[PlyCount "105"]
[EventDate "1995.04.??"]
[EventType "swiss"]
[EventRounds "9"]
[EventCountry "ESP"]
[SourceTitle "EXT 2003"]
[Source "ChessBase"]
[SourceDate "2002.11.25"]
[SourceVersion "1"]
[SourceVersionDate "2002.11.25"]
[SourceQuality "1"]

1. e4 d6 2. d4 Nf6 3. Nc3 g6 4. Be2 Bg7 5. Nf3 0-0 6. 0-0 Nbd7 7. h3 c6 8. Be3 b5 9. e5 Ne8 10. Ne4 d5 11. Nc5 Nxc5 12. dxc5 a5 13. Nd4 Qc7 14. f4 e6 15. h4 Ba6 16. a3 Bb7 17. h5 Qe7 18. hxg6 fxg6 19. Bd3 Nc7 20. Qg4 Qf7 21. Nf3 Bh6 22. Ng5 Bxg5 23. fxg5 Qg7 24. Rf6 Rf7 25. Raf1 Raf8 26. b3 Bc8 27. Rxf7 Rxf7 28. Rxf7 Qxf7 29. Qf3 Qxf3 30. gxf3 Kf7 31. Bd2 a4 32. Be3 Ke7 33. bxa4 bxa4 34. c3 Ba6 35. Bc2 Bb5 36. Kf2 Kd7 37. Ke1 Kc8 38. Kd2 Kb7 39. Ke1 Ka6 40. Kd2 Ka5 41. Kc1 Bc4 42. Kb2 Na6 43. Bf2 Kb5 44. Be3 Ka5 45. Bf2 Be2 46. f4 Bf3 47. Bd4 Be4 48. c4 Bxc2 49. Bc3+ Nb4 50. Bxb4+ Ka6 51. Kxc2 dxc4 52. Kc3 Kb5 53. Kd4 1-0

[Event "Barcelona La Lira op"]
[Site "Barcelona"]
[Date "1995.??.??"]
[Round "3"]
[White "Garcia Lopez, Alberto Jose"]
[Black "Romero Calderon, Carlos"]
[Result "0-1"]
[WhiteElo "2000"]
[BlackElo "2085"]
[PlyCount "80"]
[EventDate "1995.04.??"]
[EventType "swiss"]
[EventRounds "9"]
[EventCountry "ESP"]
[SourceTitle "EXT 2003"]
[Source "ChessBase"]
[SourceDate "2002.11.25"]
[SourceVersion "1"]
[SourceVersionDate "2002.11.25"]
[SourceQuality "1"]

1. e4 c5 2. Nf3 e6 3. d4 d5 4. exd5 exd5 5. Bd3 Nf6 6. 0-0 cxd4 7. Nxd4 Be7 8. Nc3 Nc6 9. Be3 0-0 10. Nxc6 bxc6 11. Na4 Kh8 12. c3 Qc7 13. Bc5 Ng4 14. g3 Bxc5 15. Nxc5 Qd6 16. b4 Qh6 17. h4 Ne5 18. Be2 f5 19. Qd4 Ng6 20. f4 Re8 21. Bf3 Nf8 22. Rae1 Qg6 23. Rxe8 Qxe8 24. Kf2 a5 25. b5 Rb8 26. c4 cxb5 27. Bxd5 bxc4 28. Bxc4 Bb7 29. Nxb7 Rxb7 30. Qd5 Rb2+ 31. Kg1 Nd7 32. Rd1 Nf6 33. Qd8 Rb8 34. Qxa5 Qe3+ 35. Kf1 Qf3+ 36. Ke1 Qxg3+ 37. Kd2 Qxf4+ 38. Kc3 Nd5+ 39. Kc2 Qf2+ 40. Kc1 Qb2# 0-1